000 01107nam a22003737a 4500
001 0043932
003 KOHA_MİRAKIL
005 20260207003408.0
007 ta
008 151112b2004 tu a|||gr||||#||||0|tur |
020 _a9755915672
040 _aTR-BiSEU
_btur
_cTR-BiSEU
_erda
041 0 _atur
044 _ctu
050 _aTJ265
_b.A48 2004
100 1 _aAltınışık, Kemal.
245 1 _aUygulamalarla ısı transferi/
_cKemal Altınışık ; Kemal Altınışık.
250 _a2. Basım
264 1 _aAnkara :
_bNobel Yayın Dağıtım
_c2004
300 _aXX, 791 sayfa :
_bresimli ;
_c24 cm.
336 _ametin
_btxt
_2rdacontent
337 _aaracısız
_bn
_2rdamedia
338 _acilt
_bnc
_2rdacarrier
490 1 _aNobel Yayın ;
_vNo.
490 1 _a587.
490 1 _aTeknik ve Matematik Dizi ;
_vNo.78.
500 _aKaynakça ve dizin var.
650 0 _aIsı--İletim.
_97407
650 0 _aHeat--Transmission.
_92209
830 1 _aNobel Yayın ;
_vNo.
_92049
830 1 _a587.
_923101
830 1 _aTeknik ve Matematik Dizi ;
_vNo.78.
_981916
942 _2lcc
_cBK
999 _c43739
_d43739